Súčasné trendy hospodárskeho a sociálneho rozvoja Portugalska

Na minha lista:
Detalhes bibliográficos
Autor principal: Rusiňák, Peter
Formato: Capítulo de Livro
Idioma:eslovaco
Tags: Adicionar Tag
Sem tags, seja o primeiro a adicionar uma tag!

MARC

LEADER 00000nla$a2200000$$$4500
001 0061354
005 20240502071704.3
041 0 |a slo 
044 |a SK 
245 1 0 |a Súčasné trendy hospodárskeho a sociálneho rozvoja Portugalska  |c Peter Rusiňák 
100 1 |a Rusiňák, Peter